Les pays avec le plus de musulmans au monde - Statistiques

Statistiques générales
  • Ce quiz a été pris 2 250 fois
  • Le résultat moyen est 31 sur 55
Statistiques - réponses
Continent pourcentage Pays % Correct
11 Afrique 99% Algerie
95%
5 Afrique 99,9% Maroc
95%
41 Asie 79,5% Émirats arabe unis
93%
8 Afrique 99,8% Tunisie
89%
27 Asie 96,2% Arabie saoudite
86%
10 Eurasie 99,2% Turquie
86%
31 Afrique 95% Égypte
82%
34 Asie 90,7% Indonesie
79%
7 Asie 99,8% Iran
79%
13 Asie 98,5% Pakistan
78%
26 Afrique 97% Sénégal
78%
24 Asie 97,5% Irak
77%
25 Afrique 97% Mali
73%
3 Asie 99,9% Afghanistan
71%
19 Afrique 98% Libye
70%
6 Afrique 99,9% Mauritanie
68%
15 Afrique 98,3% Niger
68%
32 Asie 92% Syrie
68%
43 Asie 77,5% Qatar
66%
38 Europe 83,2% Albanie
65%
48 Asie 68% Liban
64%
20 Afrique 98% Soudan
64%
9 Asie 99,7% Yemen
64%
4 Afrique 99,9% Somalie
61%
46 Asie 72% Kazakhstan
59%
49 Asie 67,3% Malaisie
59%
51 Afrique 56% Nigeria
59%
29 Asie 95% Oman
59%
23 Asie 97,5% Ouzbekistan
56%
30 Asie 95% Turkménistan
56%
22 Asie 97,7% Jordanie
55%
28 Europe 95,6% Kosovo
54%
33 Asie 91,5% Bangladesh
52%
50 Afrique 62% Tchad
52%
36 Afrique 90% Guinée
51%
37 Asie 85% Koweït
49%
16 Asie 98% Palestine
49%
14 Asie 98,4% Azerbaïdjan
47%
12 Asie 99% Tadjikistan
47%
52 Europe 53% Bosnie
45%
39 Asie 81,5% Bahreïn
44%
35 Asie 90% Kirghizistan
44%
2 Afrique 99,9% Comores
43%
21 Afrique 98% Djibouti
41%
1 Asie 100% Maldives
41%
45 Afrique 75% Burkina Faso
38%
17 Afrique 98% Gambie
35%
53 Afrique 52,6% Érythrée
34%
47 Afrique 70% Guinée Bissau
32%
40 Asie 80,7% Brunei
31%
55 Afrique 40% Tanzanie
28%
54 Europe 43,7% Macédoine du Nord
27%
42 Afrique 78,6% Sierra Leone
27%
18 Afrique 98% Mayotte
4%
44 Océanie 75% Îles cocos
1%
Aucun quiz correspondant
Distribution des résultats
% des personnes avec chaque résultat
Percentile par nombre de réponses
Votre historique - résultats
Vous n’avez pas pris ce quiz